| 000 | 01046cam a22002894a 4500 | ||
|---|---|---|---|
| 999 |
_c3946 _d3946 |
||
| 001 | 16367969 | ||
| 003 | GZU | ||
| 005 | 20210310142557.0 | ||
| 008 | 100730s2011 enk bf 001 0 eng | ||
| 010 | _a 2010032553 | ||
| 020 | _a9780415595803 (hardback) | ||
| 040 |
_aDLC _cDLC _dDLC |
||
| 050 | 0 | 0 |
_aPE1413 _b.BAI 2011 |
| 082 | 0 | 0 |
_a808/.0428 _222 |
| 100 | 1 |
_aBailey, Stephen, _d1947- |
|
| 245 | 1 | 0 |
_aAcademic writing : _ba handbook for international students / _cby Stephen Bailey. |
| 250 | _a3rd ed. | ||
| 260 |
_aLondon ; _aNew York : _bRoutledge, _c2011. |
||
| 300 |
_axx, 293 p. ; _c25 cm. |
||
| 504 | _aIncludes bibliographical references and index. | ||
| 650 | 0 |
_aEnglish language _xRhetoric _vHandbooks, manuals, etc. |
|
| 650 | 0 |
_aEnglish language _vTextbooks for foreign speakers. |
|
| 650 | 0 |
_aAcademic writing _vHandbooks, manuals, etc. |
|
| 906 |
_a7 _bcbc _corignew _d1 _eecip _f20 _gy-gencatlg |
||
| 942 |
_2lcc _cBK _e3rd ed. _h1413 _iBAI _kPE |
||